000 00581nam a2200205 i 4500
001 101842
003 ES-MaACL
005 20230906183007.0
007 t|
008 051026s1944 ag ||||1| spa d
100 1 _aMelo, Luis Felipe de.
_980015
245 1 0 _aBrasil /
_cLuis Felipe de Melo.
250 _a1ª ed.
260 _aBuenos Aires :
_bAtlántida,
_c1944.
300 _a147 p., 6 lám., 1 map. pleg. ;
_c17 cm.
490 1 _aOro de Cultura General
830 0 _aOro de Cultura General
_9232503
852 _aES-MaACL
_jE-1210
_bR.22557
999 _c101842
_d101842